Normal view MARC view
  • Willis, Will and others

Entry Personal Name

Number of records used in: 1

001 - CONTROL NUMBER

  • control field: 4113

003 - CONTROL NUMBER IDENTIFIER

  • control field: OSt

005 - DATE AND TIME OF LATEST TRANSACTION

  • control field: 20180206161233.0

008 - FIXED-LENGTH DATA ELEMENTS

  • fixed length control field: 180206|| aca||aabn | a|a d

040 ## - CATALOGING SOURCE

  • Original cataloging agency: OSt
  • Transcribing agency: OSt

100 ## - HEADING--PERSONAL NAME

  • Personal name: Willis, Will and others

670 ## - SOURCE DATA FOUND

  • Source citation: Work cat.: (OSt)267: Willis, Will and others, MCSE Windows 2000 Directory Services, 2000